000 00251nam a22001217a 4500
008 170612b xxu||||| |||| 00| 0 eng d
041 _aeng
080 _a93
100 _a19
101 _aSHP
245 _aMARX AND MILL
_cDUNCAN, G
942 _2udc
_cBK
999 _c16969
_d16969